[Event "Wroclaw op"]
[Site "Wroclaw"]
[Date "2020.08.08"]
[Round "9"]
[White "Peglau, Markus"]
[Black "Gardian, Adam"]
[Result "0-1"]
[WhiteElo "1886"]
[BlackElo "1723"]
[PlyCount "50"]
[EventDate "2020.08.01"]
[EventType "swiss"]
[EventRounds "9"]
[EventCountry "POL"]
[SourceTitle "CBM 197 Extra"]
[Source "ChessBase"]
[SourceDate "2020.09.30"]
[SourceVersion "1"]
[SourceVersionDate "2020.09.30"]
[SourceQuality "1"]

1. Nf3 Nf6 2. g3 g6 3. Bg2 Bg7 4. 0-0 0-0 5. c4 d6 6. d4 c6 7. Nc3 Qa5 8. e4 Qh5 9. e5 dxe5 10. Nxe5 Ng4 11. Nxg4 Bxg4 12. Qb3 Bxd4 13. Qxb7 Nd7 14. Qxc6 Ne5 15. Qe4 Nf3+ 16. Bxf3 Bxf3 17. Qh4 Qxh4 18. gxh4 Rfc8 19. Nd5 Rxc4 20. Nxe7+ Kf8 21. Re1 Bg7 22. Bg5 f6 23. Bd2 Rg4+ 24. Kf1 Bg2+ 25. Kg1 Bb7+ 0-1

[Event "Wroclaw op"]
[Site "Wroclaw"]
[Date "2020.08.03"]
[Round "4"]
[White "Skurniak, Szymon"]
[Black "Peglau, Markus"]
[Result "1-0"]
[WhiteElo "1987"]
[BlackElo "1886"]
[PlyCount "59"]
[EventDate "2020.08.01"]
[EventType "swiss"]
[EventRounds "9"]
[EventCountry "POL"]
[SourceTitle "CBM 197 Extra"]
[Source "ChessBase"]
[SourceDate "2020.09.30"]
[SourceVersion "1"]
[SourceVersionDate "2020.09.30"]
[SourceQuality "1"]

1. e4 c6 2. Nf3 d5 3. Nc3 dxe4 4. Nxe4 Nf6 5. Qe2 Nxe4 6. Qxe4 Nd7 7. Bc4 Nf6 8. Ne5 e6 9. Qe2 Be7 10. c3 0-0 11. d4 c5 12. dxc5 Bxc5 13. Bg5 Be7 14. Rd1 Qc7 15. 0-0 a6 16. Bd3 Rd8 17. Rfe1 Bd7 18. Bxh7+ Kf8 19. Bf4 Bb5 20. Bd3 Bxd3 21. Rxd3 Qa5 22. Rh3 g6 23. Nxf7 Nd5 24. Nxd8 Rxd8 25. Rh8+ Kg7 26. Be5+ Nf6 27. Rxd8 Bxd8 28. Bxf6+ Bxf6 29. Qxe6 Qb5 30. Rd1 1-0

[Event "Wroclaw op"]
[Site "Wroclaw"]
[Date "2020.08.02"]
[Round "2"]
[White "Vanduyfhuys, Daria"]
[Black "Peglau, Markus"]
[Result "1-0"]
[WhiteElo "2050"]
[BlackElo "1886"]
[PlyCount "51"]
[EventDate "2020.08.01"]
[EventType "swiss"]
[EventRounds "9"]
[EventCountry "POL"]
[SourceTitle "CBM 197 Extra"]
[Source "ChessBase"]
[SourceDate "2020.09.30"]
[SourceVersion "1"]
[SourceVersionDate "2020.09.30"]
[SourceQuality "1"]

1. d4 Nf6 2. c4 e6 3. Nf3 d5 4. Nc3 Be7 5. Bg5 0-0 6. e3 Nbd7 7. Bd3 c6 8. cxd5 exd5 9. 0-0 Ne4 10. Bxe7 Qxe7 11. Qc2 f5 12. Rab1 a5 13. a3 Ndf6 14. b4 Nxc3 15. Qxc3 Ne4 16. Qc2 f4 17. Ne5 fxe3 18. fxe3 Rxf1+ 19. Rxf1 axb4 20. axb4 Nf6 21. b5 Bd7 22. e4 dxe4 23. Bxe4 Qb4 24. Nxd7 Qxd4+ 25. Kh1 Nxe4 26. Qa2+ 1-0

[Event "Oberliga Ost-A 1516"]
[Site "Germany"]
[Date "2016.01.16"]
[Round "6.8"]
[White "Oehl, Tim"]
[Black "Peglau, Markus"]
[Result "1-0"]
[WhiteElo "2130"]
[BlackElo "1661"]
[PlyCount "69"]
[EventDate "2015.09.20"]
[EventType "team-tourn"]
[EventRounds "11"]
[EventCountry "GER"]
[SourceTitle "EXT 2017"]
[Source "ChessBase"]
[SourceDate "2016.10.25"]
[SourceVersion "1"]
[SourceVersionDate "2016.10.25"]
[SourceQuality "1"]
[WhiteTeam "Dresden TU II"]
[BlackTeam "Bannewitz"]
[WhiteTeamCountry "GER"]
[BlackTeamCountry "GER"]

1. Nf3 Nf6 2. c4 c5 3. g3 Nc6 4. Bg2 d5 5. cxd5 Nxd5 6. Nc3 Nc7 7. 0-0 e5 8. d3 Be7 9. Be3 Bd7 10. Rc1 Rc8 11. h4 0-0 12. Qd2 b6 13. Rfd1 f5 14. Bg5 Bxg5 15. Nxg5 h6 16. Nf3 Kh8 17. e3 Ne6 18. a3 Qf6 19. Nd5 Qf7 20. b4 f4 21. b5 Na5 22. Nxe5 Qe8 23. Ne7 Nb3 24. Qc2 Nxc1 25. N5g6+ Kh7 26. d4 Ne2+ 27. Kh2 fxg3+ 28. fxg3 Qxg6 29. Qxg6+ Kh8 30. dxc5 Nxc5 31. Rxd7 Nxd7 32. Nxc8 Rxc8 33. Qg4 Rc2 34. Qxd7 Nc3 35. Qd8+ 1-0

[Event "Oberliga Ost-A 1516"]
[Site "Germany"]
[Date "2015.10.10"]
[Round "2.8"]
[White "Peglau, Markus"]
[Black "Matthey, Harald"]
[Result "0-1"]
[WhiteElo "1661"]
[BlackElo "2150"]
[PlyCount "128"]
[EventDate "2015.09.20"]
[EventType "team-tourn"]
[EventRounds "11"]
[EventCountry "GER"]
[SourceTitle "EXT 2017"]
[Source "ChessBase"]
[SourceDate "2016.10.25"]
[SourceVersion "1"]
[SourceVersionDate "2016.10.25"]
[SourceQuality "1"]
[WhiteTeam "Bannewitz"]
[BlackTeam "Loeberitz"]
[WhiteTeamCountry "GER"]
[BlackTeamCountry "GER"]

1. c4 Nf6 2. Nc3 d5 3. cxd5 Nxd5 4. g3 g6 5. Bg2 Nb6 6. Nf3 Bg7 7. 0-0 0-0 8. d4 Nc6 9. e3 Re8 10. Bd2 e5 11. dxe5 Nc4 12. Qe2 Nxd2 13. Qxd2 Nxe5 14. Qxd8 Rxd8 15. Nxe5 Bxe5 16. Rfd1 Bg4 17. f3 Be6 18. f4 Bxc3 19. bxc3 Rxd1+ 20. Rxd1 c6 21. a3 a5 22. Kf2 Kf8 23. e4 Ke7 24. Ke3 a4 25. Rd4 c5 26. Rd2 Ra6 27. Rb2 Bb3 28. e5 b5 29. Bf1 Rb6 30. Bd3 f6 31. exf6+ Kxf6 32. Bb1 Re6+ 33. Kf2 Rd6 34. Ke3 Rd1 35. Ba2 Bxa2 36. Rxa2 Rb1 37. Kd3 Rb3 38. Kc2 Kf5 39. Kd3 Kg4 40. Kc2 h5 41. Kd3 Kh3 42. Ke4 Rxc3 43. f5 Rc4+ 44. Ke5 gxf5 45. Kxf5 h4 46. gxh4 Kxh4 47. Ke5 Rc3 48. Kd5 c4 49. Kc5 Rb3 50. Kd4 Kh3 51. Kc5 Kg4 52. Kd4 Kf3 53. Kc5 Ke4 54. h4 Kf5 55. h5 Kg5 56. Rh2 Kh6 57. Kb6 c3 58. Kc5 Rb2 59. Rh1 c2 60. Rc1 b4 61. axb4 a3 62. Kd4 a2 63. Kc3 Rb1 64. Kxc2 Rxc1+ 0-1